|
|
|
|
| LEADER |
00000cam a2200000 7i4500 |
| 001 |
0000035377 |
| 005 |
20130207.0 |
| 008 |
130207 |
| 020 |
|
|
|a 9833586660
|
| 090 |
0 |
0 |
|a 398.9992303
|b AIN
|
| 100 |
0 |
|
|a Ainon Muhammad
|
| 245 |
1 |
0 |
|a Kamus peribahasa kotemporari
|c Ainon Mohd. & Abdullah Hassan
|
| 250 |
|
|
|a Edisi kedua
|
| 260 |
|
|
|a Kuala Lumpur :
|b PTSbProfessional Publishing Sdn. Bhd ,
|c 2001
|
| 300 |
|
|
|a Included CD
|
| 650 |
|
0 |
|a Abdullah Hassan, 1942-
|
| 650 |
|
0 |
|a Proverbs, Malay-Dictionaries
|
| 999 |
|
|
|a 0001137134
|b Book
|c Adult Collection
|e Perbadanan Perpustakaan Awam Johor
|
| 999 |
|
|
|a 0001137135
|b Book
|c Adult Collection
|e Cawangan Kota Tinggi
|
| 999 |
|
|
|a 0001137136
|b Book
|c Adult Collection
|e Cawangan Segamat
|
| 999 |
|
|
|a 0001137137
|b Book
|c Adult Collection
|e Cawangan Bandar Penawar
|
| 999 |
|
|
|a 0001137138
|b Book
|c Adult Collection
|e Perbadanan Perpustakaan Awam Johor
|
| 999 |
|
|
|a CD01137134
|b Video CD
|c REFERENCE
|e Perbadanan Perpustakaan Awam Johor
|
| 999 |
|
|
|a CD01137135
|b Video CD
|c REFERENCE
|e Perbadanan Perpustakaan Awam Johor
|
| 999 |
|
|
|a CD01137136
|b Video CD
|c REFERENCE
|e Perbadanan Perpustakaan Awam Johor
|
| 999 |
|
|
|a CD01137137
|b Video CD
|c REFERENCE
|e Perbadanan Perpustakaan Awam Johor
|
| 999 |
|
|
|a CD01137138
|b Video CD
|c REFERENCE
|e Perbadanan Perpustakaan Awam Johor
|